[Event "FRA-ch op-B"]
[Site "Nancy"]
[Date "2013.08.21"]
[Round "9"]
[White "Ruhant, Anthony"]
[Black "Racle, Valentin"]
[Result "0-1"]
[WhiteElo "1924"]
[BlackElo "1945"]
[PlyCount "84"]
[EventDate "2013.08.11"]
[EventType "swiss"]
[EventRounds "11"]
[EventCountry "FRA"]
[SourceTitle "CBM 156 Extra"]
[Source "ChessBase"]
[SourceDate "2013.10.22"]
[SourceVersion "1"]
[SourceVersionDate "2013.10.22"]
[SourceQuality "1"]

1. e4 c5 2. Nf3 e6 3. d4 cxd4 4. Nxd4 Nc6 5. c4 Nf6 6. Nc3 a6 7. Be2 Qc7 8. Be3 d6 9. 0-0 Ne5 10. Rc1 Be7 11. f4 Ned7 12. Qe1 b6 13. b4 Bb7 14. Bd3 h5 15. f5 e5 16. Nc2 Ng4 17. Bd2 Qd8 18. Ne3 Bh4 19. Qe2 Bg5 20. Rcd1 Bxe3+ 21. Bxe3 Qh4 22. g3 Qh3 23. Rf3 h4 24. Bg5 Nxh2 25. Qxh2 Qg4 26. Be2 Qxg5 27. Rxd6 0-0-0 28. Nd5 hxg3 29. Qxg3 Qh5 30. Qg2 Qh4 31. Rf1 Nf6 32. Rxd8+ Rxd8 33. Bf3 Bxd5 34. cxd5 Rh8 35. Rd1 Kd7 36. Kf1 Nh5 37. Bxh5 Rxh5 38. Rd2 Rg5 39. Qf3 Rg3 40. Qd1 Qh3+ 41. Ke2 Qh2+ 42. Kf1 Rg1# 0-1

[Event "Avoine op 28th"]
[Site "Avoine"]
[Date "2013.07.27"]
[Round "8"]
[White "Pietrasanta, Jeremy"]
[Black "Racle, Valentin"]
[Result "1-0"]
[WhiteElo "2197"]
[BlackElo "1934"]
[PlyCount "43"]
[EventDate "2013.07.20"]
[EventType "swiss"]
[EventRounds "9"]
[EventCountry "FRA"]
[SourceTitle "CBM 155 Extra"]
[Source "ChessBase"]
[SourceDate "2013.08.26"]
[SourceVersion "1"]
[SourceVersionDate "2013.08.26"]
[SourceQuality "1"]

1. e4 c5 2. Nf3 e6 3. d3 Nc6 4. g3 d5 5. Nbd2 Nf6 6. Bg2 Bd6 7. 0-0 0-0 8. Re1 Qc7 9. Qe2 Ng4 10. c3 b6 11. a3 dxe4 12. Nxe4 Ba6 13. h3 Nf6 14. Nxf6+ gxf6 15. Bh6 Rfd8 16. Qe4 Kh8 17. Qh4 Be7 18. Qh5 Bf8 19. Bxf8 Rxf8 20. Qh6 Qe7 21. Nh4 Rfc8 22. Be4 1-0

[Event "Avoine op 28th"]
[Site "Avoine"]
[Date "2013.07.26"]
[Round "7"]
[White "Racle, Valentin"]
[Black "Messinger, Karl"]
[Result "0-1"]
[WhiteElo "1934"]
[BlackElo "2119"]
[PlyCount "130"]
[EventDate "2013.07.20"]
[EventType "swiss"]
[EventRounds "9"]
[EventCountry "FRA"]
[SourceTitle "CBM 155 Extra"]
[Source "ChessBase"]
[SourceDate "2013.08.26"]
[SourceVersion "1"]
[SourceVersionDate "2013.08.26"]
[SourceQuality "1"]

1. c4 e5 2. Nc3 Nf6 3. g3 Nc6 4. Bg2 Bc5 5. e3 d5 6. cxd5 Nb4 7. d4 exd4 8. exd4 Be7 9. Nge2 Nbxd5 10. Qb3 Nb6 11. 0-0 Be6 12. Qc2 Nfd5 13. Nf4 Nxf4 14. Bxf4 c6 15. Rad1 0-0 16. Rfe1 Re8 17. Be5 Nd5 18. Be4 h6 19. a3 Qd7 20. Ne2 Rad8 21. Nf4 Nxf4 22. Bxf4 Bd6 23. Be5 Qc7 24. Bxd6 Qxd6 25. Bg2 Bg4 26. Rxe8+ Rxe8 27. f3 Be6 28. Qc5 Qb8 29. Kf2 Rd8 30. f4 Rd6 31. Bf3 a6 32. Qe5 Qd8 33. b4 Bd5 34. Bg4 Be6 35. Bf3 Qd7 36. Rd2 Bd5 37. Bxd5 Rxd5 38. Qe3 a5 39. Qc3 axb4 40. axb4 Qd6 41. Qc4 g6 42. Kf3 Kg7 43. Qc3 Qd7 44. Qd3 Qe7 45. Qb3 Rb5 46. Rb2 Qe1 47. Rb1 Qd2 48. Qb2 Qd3+ 49. Kf2 Rd5 50. h3 Qxd4+ 51. Qxd4+ Rxd4 52. Ke3 Rd5 53. Rc1 Kf6 54. g4 Ke6 55. Ke4 Kd6 56. f5 gxf5+ 57. gxf5 Ke7 58. Rc5 Kd6 59. Rc3 Rb5 60. Rc4 Ke7 61. Rd4 Kf6 62. Rd6+ Kg5 63. h4+ Kxh4 64. Rxh6+ Kg5 65. Rh7 Rxb4+ 0-1

[Event "FRA-ch U18"]
[Site "Aix les Bains"]
[Date "2009.04.25"]
[Round "8"]
[White "Sochacki, Wojtek"]
[Black "Racle, Valentin"]
[Result "1-0"]
[WhiteElo "2212"]
[BlackElo "1947"]
[PlyCount "99"]
[EventDate "2009.04.19"]
[EventType "swiss"]
[EventRounds "9"]
[EventCountry "FRA"]
[SourceTitle "CBM 130 Extra"]
[Source "ChessBase"]
[SourceDate "2009.07.02"]
[SourceVersion "2"]
[SourceVersionDate "2009.07.15"]
[SourceQuality "1"]

1. e4 c5 2. Nf3 e6 3. b4 cxb4 4. a3 Nf6 5. e5 Nd5 6. axb4 Bxb4 7. c3 Be7 8. d4 d6 9. Bd3 Nc6 10. 0-0 dxe5 11. dxe5 Qc7 12. Qe2 f6 13. Bb5 0-0 14. c4 Nb6 15. Bb2 a6 16. c5 Nd5 17. Nc3 Nf4 18. Qe3 fxe5 19. Ne4 Nd4 20. Nxd4 exd4 21. Qxd4 e5 22. Qxe5 Qxe5 23. Bxe5 Be6 24. Ba4 Bd5 25. Bc2 Rac8 26. Rad1 Bxe4 27. Bxe4 Ne2+ 28. Kh1 Rxc5 29. Bd5+ Kh8 30. Rfe1 Rxf2 31. Bb8 Rc2 32. Bxb7 Rf8 33. Be4 Ra2 34. Bb1 Rb2 35. Be5 Rb5 36. Rxe2 Bg5 37. Bg3 Rd5 38. Ree1 Rb5 39. h4 Bf6 40. Bd3 Rb6 41. Rb1 Rxb1 42. Rxb1 a5 43. Rb7 Bc3 44. Rc7 Bd4 45. Rc4 Be3 46. Be5 Rd8 47. Rc7 Bh6 48. Bc4 Ra8 49. g4 a4 50. g5 1-0

[Event "FRA-ch U18"]
[Site "Aix les Bains"]
[Date "2009.04.20"]
[Round "2"]
[White "Ollier, Pablo"]
[Black "Racle, Valentin"]
[Result "1-0"]
[WhiteElo "2200"]
[BlackElo "1947"]
[PlyCount "71"]
[EventDate "2009.04.19"]
[EventType "swiss"]
[EventRounds "9"]
[EventCountry "FRA"]
[SourceTitle "CBM 130 Extra"]
[Source "ChessBase"]
[SourceDate "2009.07.02"]
[SourceVersion "2"]
[SourceVersionDate "2009.07.15"]
[SourceQuality "1"]

1. d4 Nf6 2. c4 g6 3. Nc3 Bg7 4. e4 d6 5. Nf3 0-0 6. Be2 c5 7. d5 e6 8. dxe6 fxe6 9. 0-0 Nc6 10. Bg5 a6 11. Qd2 Qc7 12. Rad1 Rd8 13. Qf4 e5 14. Qh4 Rf8 15. h3 Be6 16. Nd5 Bxd5 17. cxd5 Nd4 18. Nxd4 exd4 19. Bd3 Rae8 20. Rfe1 b5 21. b3 Nh5 22. Be2 Nf6 23. Bg4 Nxg4 24. hxg4 c4 25. f4 Qa5 26. f5 d3 27. f6 Bh8 28. bxc4 bxc4 29. Rb1 Rf7 30. e5 dxe5 31. Rxe5 Rxe5 32. Rb8+ Rf8 33. f7+ Kxf7 34. Qxh7+ Bg7 35. Rb7+ Ke8 36. Qxg6+ 1-0